Normal view MARC view

Entry Personal Name

Number of records used in: 1

001 - CONTROL NUMBER

  • control field: 1073

003 - CONTROL NUMBER IDENTIFIER

  • control field: DLC

005 - DATE AND TIME OF LATEST TRANSACTION

  • control field: 20200104112708.0

008 - FIXED-LENGTH DATA ELEMENTS

  • fixed length control field: 800810n| azannaab |a aaa

010 ## - LIBRARY OF CONGRESS CONTROL NUMBER

  • LC control number: n 80079374

040 ## - CATALOGING SOURCE

  • Original cataloging agency: DLC
  • Transcribing agency: DLC
  • Description conventions: rda
  • Modifying agency: DLC

046 ## - SPECIAL CODED DATES

  • Birth date: 19450928

100 1# - HEADING--PERSONAL NAME

  • Personal name: Levi, Maurice D.,
  • Dates associated with a name: 1945-

400 1# - SEE FROM TRACING--PERSONAL NAME

  • Personal name: Levi, Maurice,
  • Dates associated with a name: 1945-

400 1# - SEE FROM TRACING--PERSONAL NAME

  • Personal name: Levi, Maurice David,
  • Dates associated with a name: 1945-

670 ## - SOURCE DATA FOUND

  • Source citation: Kupferman, M. Slowth, 1980 (a.e.)
  • Information found: t.p. (Maurice D. Levi; Univ. of Br. Columbia) pub. info. (Maurice David Levi) CIP data sheet (b. 9/28/45)

670 ## - SOURCE DATA FOUND

  • Source citation: His International finance, c1983:
  • Information found: CIP t.p. (Maurice Levi)

Powered by Koha